[Event "Mundial Juvenil femenino 2005 s14"]
[Site "Belfort FRA"]
[Date "2005.07.21"]
[Round "3.9"]
[White "Guadamuro Torrente, Ana Isabel"]
[Black "Elamri, Laila A"]
[Result "1-0"]
[WhiteElo "2084"]
[BlackElo "1928"]
[PlyCount "75"]
[EventDate "2005.07.19"]
[EventType "swiss"]
[EventRounds "11"]
[EventCountry "FRA"]
[Source "lmi"]
[SourceDate "2005.07.31"]

1. e4 e5 2. Nf3 Nc6 3. Bc4 Bc5 4. c3 Nf6 5. d3 d6 6. Bb3 Be6 7. Nbd2 O-O 8. O-O
Qe7 9. Nc4 Bb6 10. Bg5 h6 11. Bh4 g5 12. Bg3 Bxc4 13. Bxc4 a6 14. Bb3 Na5 15.
Bc2 Nh5 16. d4 Nxg3 17. hxg3 Nc6 18. Qd2 Qf6 19. Rad1 Rad8 20. Qd3 Qg7 21. Rfe1
Kh8 22. a3 f6 23. b4 Ne7 24. a4 Ng6 25. Nd2 h5 26. Nc4 Ba7 27. Ne3 h4 28. Nf5
Qh7 29. Bb3 hxg3 30. fxg3 Ne7 31. Kf2 Nxf5 32. exf5 Qe7 33. Qf3 Qd7 34. Be6 e4
35. Rh1+ Kg7 36. Rh7+ Kxh7 37. Qh5+ Kg7 38. Qg6+ 1-0

[Event "Mundial Juvenil femenino 2005 s14"]
[Site "Belfort FRA"]
[Date "2005.07.21"]
[Round "3.11"]
[White "Bukhashem, Fayega"]
[Black "Pon, N. Krithika"]
[Result "0-1"]
[WhiteElo "1599"]
[BlackElo "2007"]
[PlyCount "74"]
[EventDate "2005.07.19"]
[EventType "swiss"]
[EventRounds "11"]
[EventCountry "FRA"]
[Source "lmi"]
[SourceDate "2005.07.31"]

1. e4 e5 2. Nf3 d6 3. d4 exd4 4. Nxd4 Nf6 5. Nc3 Be7 6. Be3 O-O 7. Be2 Re8 8.
O-O c6 9. f4 Bf8 10. Bd3 Ng4 11. Bd2 c5 12. Nf3 c4 13. Bxc4 h6 14. Kh1 Qb6 15.
Qe2 Nd7 16. Nd5 Qd8 17. h3 Ngf6 18. Nxf6+ Nxf6 19. Bd3 Nxe4 20. Bxe4 d5 21.
Bh7+ Kxh7 22. Qd3+ Kg8 23. Rae1 Rxe1 24. Rxe1 b6 25. Ne5 Bb7 26. Qf5 Qc7 27.
Re3 Bc8 28. Qh5 f6 29. Ng6 Qf7 30. Rg3 Bd6 31. Qe2 Bf5 32. Nh4 Bxc2 33. Rc3 Be4
34. Rc6 Qd7 35. Qb5 Bc7 36. Rxb6 Qxh3+ 37. Kg1 Bxb6+ 0-1

[Event "Mundial Juvenil femenino 2005 s14"]
[Site "Belfort FRA"]
[Date "2005.07.21"]
[Round "3.12"]
[White "Anusca, Madalina-Maria"]
[Black "Aleksanian, Haykuhi"]
[Result "1/2-1/2"]
[WhiteElo "1999"]
[BlackElo "1599"]
[PlyCount "88"]
[EventDate "2005.07.19"]
[EventType "swiss"]
[EventRounds "11"]
[EventCountry "FRA"]
[Source "lmi"]
[SourceDate "2005.07.31"]

1. d4 d5 2. c4 e6 3. Nf3 Nf6 4. a3 Be7 5. Nc3 O-O 6. Bg5 h6 7. Bh4 Nbd7 8. e3
b6 9. Bd3 dxc4 10. Bxc4 Bb7 11. O-O c5 12. Rc1 Rc8 13. Ba2 Re8 14. Qe2 Ne4 15.
Nxe4 Bxe4 16. Bg3 Bf6 17. Ne5 cxd4 18. exd4 Bb7 19. f4 Qe7 20. Rxc8 Rxc8 21. f5
Bxe5 22. dxe5 exf5 23. Rxf5 Rc1+ 24. Rf1 Qc5+ 25. Bf2 Rxf1+ 26. Qxf1 Qxe5 27.
Bxf7+ Kh8 28. Qe1 Qxe1+ 29. Bxe1 Ne5 30. Ba2 Nd3 31. Bc3 Nf4 32. g3 Ne2+ 33.
Kf2 Nxc3 34. bxc3 Kh7 35. Ke3 Kg6 36. Kf4 Kf6 37. h4 g5+ 38. Kg4 gxh4 39. Kxh4
Be4 40. Kg4 Bf5+ 41. Kf4 Bg6 42. Bd5 Bf5 43. a4 a5 44. Bc6 Bc2 1/2-1/2

[Event "Mundial Juvenil femenino 2005 s14"]
[Site "Belfort FRA"]
[Date "2005.07.21"]
[Round "3.13"]
[White "Uuganbayar, Khamsuren"]
[Black "Iordanidou, Zoi"]
[Result "1/2-1/2"]
[WhiteElo "1599"]
[BlackElo "1992"]
[PlyCount "89"]
[EventDate "2005.07.19"]
[EventType "swiss"]
[EventRounds "11"]
[EventCountry "FRA"]
[Source "lmi"]
[SourceDate "2005.07.31"]

1. e4 c5 2. c3 d5 3. exd5 Qxd5 4. d4 Nc6 5. Nf3 Bg4 6. Be2 e6 7. Na3 cxd4 8.
Nb5 O-O-O 9. Nbxd4 Nxd4 10. Qxd4 Bxf3 11. Bxf3 Qxd4 12. cxd4 Bb4+ 13. Kf1 Ne7
14. Be3 Nf5 15. Rd1 Rd7 16. Bg4 Ne7 17. Ke2 h6 18. h4 Rhd8 19. Rc1+ Kb8 20. Rc4
Nc6 21. d5 Rxd5 22. Bf3 Nd4+ 23. Rxd4 Rxd4 24. Bxd4 Rxd4 25. Rd1 Bc5 26. Rxd4
Bxd4 27. b3 Kc7 28. Be4 g6 29. g3 b5 30. a4 a6 31. Bd3 Kb6 32. f3 h5 33. axb5
axb5 34. Kf1 f5 35. f4 e5 36. fxe5 Bxe5 37. Kg2 Kc5 38. Be2 f4 39. gxf4 Bxf4
40. Bd3 g5 41. hxg5 Bxg5 42. Be2 h4 43. Kh3 Kb4 44. Bd3 Kxb3 45. Bxb5 1/2-1/2

[Event "Mundial Juvenil femenino 2005 s14"]
[Site "Belfort FRA"]
[Date "2005.07.21"]
[Round "3.14"]
[White "Agrest, Inna"]
[Black "Jamison, Courtney"]
[Result "1-0"]
[WhiteElo "1984"]
[BlackElo "1599"]
[PlyCount "75"]
[EventDate "2005.07.19"]
[EventType "swiss"]
[EventRounds "11"]
[EventCountry "FRA"]
[Source "lmi"]
[SourceDate "2005.07.31"]

1. e4 e5 2. Nf3 Nc6 3. d4 exd4 4. Bc4 Be7 5. O-O d6 6. Nxd4 Nf6 7. Nc3 O-O 8.
f4 Bg4 9. Nf3 Be6 10. Bd3 h6 11. Qe1 Nb4 12. Bd2 Nxd3 13. cxd3 c5 14. f5 Bd7
15. Qg3 Nh5 16. Qh3 Nf6 17. g4 Nh7 18. Nd5 Bb5 19. Ne1 Bg5 20. Bxg5 Nxg5 21.
Qg3 f6 22. Ng2 c4 23. h4 Nf7 24. Ngf4 Qd7 25. Nh5 Qd8 26. Ndf4 Qb6+ 27. Kg2
cxd3 28. Ne6 Rfc8 29. Rf2 Ne5 30. g5 Rc7 31. Nxc7 Qxc7 32. gxh6 g6 33. fxg6 Nd7
34. Qg4 Qc4 35. b3 Qxe4+ 36. Qxe4 Bc6 37. h7+ Kh8 38. g7# 1-0

[Event "Mundial Juvenil femenino 2005 s14"]
[Site "Belfort FRA"]
[Date "2005.07.21"]
[Round "3.15"]
[White "Vojinovic, Jovana"]
[Black "Savola, Laura"]
[Result "1-0"]
[WhiteElo "1952"]
[BlackElo "1599"]
[PlyCount "49"]
[EventDate "2005.07.19"]
[EventType "swiss"]
[EventRounds "11"]
[EventCountry "FRA"]
[Source "lmi"]
[SourceDate "2005.07.31"]

1. d4 d5 2. Nf3 Nf6 3. c4 e6 4. g3 c5 5. cxd5 Nxd5 6. Bg2 Nd7 7. O-O Be7 8. b3
O-O 9. Bb2 b6 10. Nbd2 Bb7 11. Rc1 Rc8 12. Nc4 cxd4 13. Nxd4 Nc5 14. Qd2 Bf6
15. Rfd1 Ba6 16. e4 Bxc4 17. Rxc4 Ne7 18. Qe2 Nd7 19. Ba3 Rxc4 20. Qxc4 Ne5 21.
Qe2 Nd7 22. e5 Bg5 23. f4 Bh6 24. Nc6 Nxc6 25. Bxc6 1-0

[Event "Mundial Juvenil femenino 2005 s14"]
[Site "Belfort FRA"]
[Date "2005.07.21"]
[Round "3.16"]
[White "Yu, Moqi"]
[Black "Smith, Hazel"]
[Result "0-1"]
[WhiteElo "1599"]
[BlackElo "2023"]
[PlyCount "90"]
[EventDate "2005.07.19"]
[EventType "swiss"]
[EventRounds "11"]
[EventCountry "FRA"]
[Source "lmi"]
[SourceDate "2005.07.31"]

1. e4 e6 2. d4 d5 3. e5 b6 4. Nf3 Qd7 5. c3 Ba6 6. Bd3 Bxd3 7. Qxd3 Ne7 8. Be3
Nf5 9. Nbd2 c5 10. O-O Be7 11. Kh1 Nc6 12. a3 a5 13. g4 c4 14. Qe2 Nh6 15. Ne1
a4 16. h3 O-O-O 17. Ng2 Na5 18. Rae1 Ng8 19. Kh2 Rf8 20. f4 f5 21. gxf5 Rxf5
22. Nf3 g6 23. Bf2 Nh6 24. Bg3 Rh5 25. Ne3 Bd8 26. Rd1 Nf5 27. Nxf5 Rxf5 28.
Nh4 Rh5 29. Qg4 Nc6 30. Ng2 Ne7 31. Ne3 Nf5 32. Nxf5 Rxf5 33. Bh4 Qf7 34. Bxd8
Rxd8 35. Rf3 Rf8 36. Rdf1 h5 37. Qg2 g5 38. Rg3 Rxf4 39. Rxf4 Qxf4 40. Kg1 Rf5
41. Kh1 h4 42. Rg4 Qc1+ 43. Kh2 Qe3 44. Qg1 Rf2+ 45. Rg2 Qg3+ 0-1

[Event "Mundial Juvenil femenino 2005 s14"]
[Site "Belfort FRA"]
[Date "2005.07.21"]
[Round "3.17"]
[White "Christensen, Emilie"]
[Black "Dudas, Eszter"]
[Result "0-1"]
[WhiteElo "1599"]
[BlackElo "2000"]
[PlyCount "156"]
[EventDate "2005.07.19"]
[EventType "swiss"]
[EventRounds "11"]
[EventCountry "FRA"]
[Source "lmi"]
[SourceDate "2005.07.31"]

1. d4 d5 2. c4 c6 3. Nc3 e6 4. Nf3 Nf6 5. Bg5 Nbd7 6. e3 Qa5 7. Qc2 Ne4 8. c5
b6 9. cxb6 axb6 10. Bd3 Bb4 11. O-O Bxc3 12. bxc3 Ba6 13. Bxa6 Rxa6 14. Rfc1
O-O 15. Bf4 Rfa8 16. Nd2 Nxd2 17. Qxd2 Qb5 18. Rcb1 Rxa2 19. Qc1 Qa4 20. Rxa2
Qxa2 21. Rb2 Qa3 22. Rb1 Qa2 23. h3 h6 24. Qb2 Qxb2 25. Rxb2 Ra1+ 26. Kh2 Rc1
27. Rb3 c5 28. Ra3 c4 29. Bd6 b5 30. Bb4 Nb6 31. Ra5 Na4 32. Rxb5 Nxc3 33. Bxc3
Rxc3 34. Rc5 g5 35. Kg3 Rd3 36. h4 Kg7 37. Rc7 gxh4+ 38. Kxh4 Kg6 39. Kg4 Rd2
40. Kf3 h5 41. g3 f6 42. Rc6 Kf5 43. Rc5 Rd3 44. Ke2 Kg5 45. Ra5 Kf5 46. Rc5
Ra3 47. Kf3 Kg6 48. Rc6 Kf7 49. Rc7+ Ke8 50. Ke2 Ra2+ 51. Kf3 Kd8 52. Rc6 Kd7
53. Rc5 Ra6 54. Ke2 Ra2+ 55. Kf3 Kd6 56. Rc8 e5 57. dxe5+ fxe5 58. Rd8+ Ke6 59.
Re8+ Kf6 60. Rd8 Ra5 61. Ke2 Ra2+ 62. Ke1 Ra5 63. Kd2 Ke7 64. Rh8 d4 65. Rxh5
c3+ 66. Kd3 e4+ 67. Kxd4 Rxh5 68. Kxc3 Ke6 69. Kd2 Kf5 70. Ke2 Kg4 71. Kf1 Kf3
72. Ke1 Rd5 73. g4 Kxg4 74. Ke2 Rd6 75. f4 exf3+ 76. Kf2 Rd2+ 77. Kf1 Re2 78.
e4 Rxe4 0-1

[Event "Mundial Juvenil femenino 2005 s14"]
[Site "Belfort FRA"]
[Date "2005.07.21"]
[Round "3.19"]
[White "Drobrenski, Jessika"]
[Black "Wiid, Daleen"]
[Result "1-0"]
[WhiteElo "1599"]
[BlackElo "1990"]
[PlyCount "67"]
[EventDate "2005.07.19"]
[EventType "swiss"]
[EventRounds "11"]
[EventCountry "FRA"]
[Source "lmi"]
[SourceDate "2005.07.31"]

1. e4 d5 2. exd5 Qxd5 3. Nc3 Qd6 4. d4 Nf6 5. Bc4 a6 6. f3 b5 7. Bb3 Bb7 8.
Nge2 e6 9. O-O Be7 10. Bf4 Qb6 11. Qe1 O-O 12. Rd1 c5 13. dxc5 Bxc5+ 14. Kh1
Nc6 15. Ng3 Nd4 16. Be5 Nxb3 17. axb3 Kh8 18. Bxf6 gxf6 19. Nh5 e5 20. Qh4 Be7
21. Rd7 Bd8 22. Rfd1 f5 23. Qg3 Qg6 24. Qxe5+ f6 25. Qd6 Rg8 26. Nf4 Qg5 27.
Rxb7 h5 28. Qd7 Rg7 29. Qxg7+ Qxg7 30. Rxg7 Kxg7 31. Ne6+ Kf7 32. Nxd8+ Ke7 33.
Nd5+ Kxd8 34. Nb6+ 1-0

[Event "Mundial Juvenil femenino 2005 s14"]
[Site "Belfort FRA"]
[Date "2005.07.21"]
[Round "3.20"]
[White "Forgues, Valerie"]
[Black "Erdos, Boglarka"]
[Result "1/2-1/2"]
[WhiteElo "1599"]
[BlackElo "1981"]
[PlyCount "109"]
[EventDate "2005.07.19"]
[EventType "swiss"]
[EventRounds "11"]
[EventCountry "FRA"]
[Source "lmi"]
[SourceDate "2005.07.31"]

1. e4 e6 2. d4 d5 3. Nc3 Bb4 4. Nge2 dxe4 5. a3 Be7 6. Nxe4 Nf6 7. N2g3 O-O 8.
Be2 Nbd7 9. O-O Nxe4 10. Nxe4 Nf6 11. Ng3 Bd7 12. Bf3 Bb5 13. Re1 Ba6 14. Bf4
Qd7 15. c3 Rfd8 16. Qc2 Rac8 17. Rad1 Nd5 18. Bd2 Qe8 19. Ne4 b6 20. c4 Nf6 21.
Nxf6+ Bxf6 22. d5 e5 23. Bg4 Rb8 24. f4 Bc8 25. Bf3 Rd7 26. Bb4 a5 27. Bc3 Re7
28. fxe5 Bxe5 29. Bxe5 Rxe5 30. Rxe5 Qxe5 31. Qe4 Qxe4 32. Bxe4 Ba6 33. b3 g6
34. Rd4 Re8 35. Kf2 Kg7 36. Bf3 Rd8 37. Re4 Kf6 38. Ke3 Rd7 39. g4 g5 40. Kd4
c5+ 41. Kc3 Re7 42. Rxe7 Kxe7 43. b4 axb4+ 44. axb4 Bc8 45. bxc5 bxc5 46. Be4
Bxg4 47. Bxh7 Kd6 48. Kd3 Ke5 49. Be4 f5 50. Bg2 f4 51. Bf1 Bf5+ 52. Ke2 Bg4+
53. Kd3 Bf5+ 54. Ke2 Bg4+ 55. Kd3 1/2-1/2

[Event "Mundial Juvenil femenino 2005 s14"]
[Site "Belfort FRA"]
[Date "2005.07.22"]
[Round "4.2"]
[White "Bodnaruk, Anastasia"]
[Black "Muzychuk, Mariya"]
[Result "1/2-1/2"]
[WhiteElo "2165"]
[BlackElo "2113"]
[PlyCount "84"]
[EventDate "2005.07.19"]
[EventType "swiss"]
[EventRounds "11"]
[EventCountry "FRA"]
[Source "lmi"]
[SourceDate "2005.07.31"]

1. e4 c5 2. Nc3 Nc6 3. Nge2 Nf6 4. g3 d5 5. exd5 Nxd5 6. Bg2 Nxc3 7. Nxc3 Bf5
8. O-O e6 9. d3 Qd7 10. Be3 Rc8 11. f4 Be7 12. g4 Bg6 13. Ne2 f5 14. h3 O-O 15.
Ng3 Bd6 16. g5 e5 17. Qd2 Nd4 18. h4 exf4 19. Bxf4 Bxf4 20. Rxf4 Ne6 21. Rf2
Qd6 22. Ne2 b6 23. Raf1 Rce8 24. Nf4 Bf7 25. Nxe6 Bxe6 26. h5 Qg3 27. Qf4 Qxf4
28. Rxf4 g6 29. hxg6 hxg6 30. Bf3 Kf7 31. Rh4 Rh8 32. Rxh8 Rxh8 33. Re1 Rh4 34.
b3 Rh3 35. Kg2 f4 36. Re5 Rg3+ 37. Kf2 Bf5 38. Bd5+ Kf8 39. Bc6 Rxg5 40. Kf3
Bg4+ 41. Kxf4 Rxe5 42. Kxe5 Ke7 1/2-1/2

[Event "Mundial Juvenil femenino 2005 s14"]
[Site "Belfort FRA"]
[Date "2005.07.22"]
[Round "4.3"]
[White "Melekhina, Alisa"]
[Black "Zaichenko, Daria"]
[Result "0-1"]
[WhiteElo "2163"]
[BlackElo "2023"]
[PlyCount "110"]
[EventDate "2005.07.19"]
[EventType "swiss"]
[EventRounds "11"]
[EventCountry "FRA"]
[Source "lmi"]
[SourceDate "2005.07.31"]

1. e4 e6 2. d4 d5 3. exd5 exd5 4. Bd3 Nc6 5. c3 Bd6 6. Qf3 Nf6 7. h3 h6 8. Ne2
O-O 9. O-O Re8 10. Nd2 Ne7 11. Nb3 Qd7 12. Bxh6 Ne4 13. Bf4 Ng6 14. Bxd6 Qxd6
15. Ng3 Nf4 16. Nh5 Nxd3 17. Qxd3 Qh6 18. Ng3 Ng5 19. f4 Ne4 20. Nxe4 Rxe4 21.
Rae1 Bf5 22. Rxe4 Bxe4 23. Qg3 Qa6 24. Nc1 Re8 25. f5 Qb6 26. Qf2 Qf6 27. Re1
Rd8 28. Rf1 Rd6 29. g4 Qe7 30. Nb3 Rh6 31. Qg3 Qg5 32. Kh2 b6 33. Rg1 a5 34.
Qf2 Qe7 35. Rg3 Qd6 36. Qe3 Qc6 37. Nd2 a4 38. Nxe4 dxe4 39. a3 Qd5 40. Rg2 c5
41. Rd2 Rd6 42. Kg3 Rd8 43. Kf2 Qd6 44. Ke1 Qe7 45. d5 Qe5 46. c4 b5 47. Qxc5
bxc4 48. Qxc4 e3 49. Rd4 Qg3+ 50. Ke2 Qf2+ 51. Kd1 e2+ 52. Qxe2 Qxd4+ 53. Qd2
Qxd2+ 54. Kxd2 Rxd5+ 55. Kc3 Rb5 0-1

[Event "Mundial Juvenil femenino 2005 s14"]
[Site "Belfort FRA"]
[Date "2005.07.22"]
[Round "4.4"]
[White "Skinke, Katrina"]
[Black "Fernandez, Laura"]
[Result "1-0"]
[WhiteElo "2100"]
[BlackElo "1599"]
[PlyCount "101"]
[EventDate "2005.07.19"]
[EventType "swiss"]
[EventRounds "11"]
[EventCountry "FRA"]
[Source "lmi"]
[SourceDate "2005.07.31"]

1. e4 e5 2. Nf3 Nc6 3. Bc4 Bc5 4. d3 Nf6 5. c3 d6 6. O-O Be6 7. Bb5 a6 8. Ba4
b5 9. Bc2 Bb6 10. Be3 Ne7 11. Bxb6 cxb6 12. d4 Ng6 13. Nbd2 Rc8 14. Re1 O-O 15.
Nf1 Bg4 16. Ne3 Bxf3 17. Qxf3 b4 18. Nf5 bxc3 19. bxc3 exd4 20. Nxd4 Ne5 21.
Qg3 Qc7 22. Nf5 Ne8 23. Bb3 Kh8 24. Rac1 Qd8 25. Red1 Qf6 26. f4 Ng6 27. Rd3
Rd8 28. Rcd1 Ne7 29. Nxd6 Nxd6 30. e5 Nef5 31. exf6 Nxg3 32. fxg7+ Kxg7 33.
Rxg3+ Kh6 34. Rgd3 Nb7 35. Rd7 Rxd7 36. Rxd7 Nc5 37. Rd6+ Kg7 38. Rxb6 Re8 39.
g3 Re1+ 40. Kf2 Rb1 41. Ke3 Rb2 42. h4 Rg2 43. Kf3 Rb2 44. Rb4 Nd3 45. Rb7 Rf2+
46. Kg4 Nc5 47. Rxf7+ Kh8 48. Rc7 Ne4 49. Rc6 h5+ 50. Kxh5 Nxg3+ 51. Kg6 1-0

[Event "Mundial Juvenil femenino 2005 s14"]
[Site "Belfort FRA"]
[Date "2005.07.22"]
[Round "4.5"]
[White "Agrest, Inna"]
[Black "Guadamuro Torrente, Ana Isabel"]
[Result "1/2-1/2"]
[WhiteElo "1984"]
[BlackElo "2084"]
[PlyCount "173"]
[EventDate "2005.07.19"]
[EventType "swiss"]
[EventRounds "11"]
[EventCountry "FRA"]
[Source "lmi"]
[SourceDate "2005.07.31"]

1. e4 e5 2. Nf3 Nc6 3. d4 exd4 4. Bc4 Bc5 5. c3 Nf6 6. cxd4 Bb4+ 7. Nc3 Nxe4 8.
O-O Bxc3 9. bxc3 d5 10. Bb3 O-O 11. c4 Bg4 12. cxd5 Nc3 13. Qd3 Nxd5 14. Ng5
Nf6 15. Ba3 Nxd4 16. Qb1 Nxb3 17. axb3 Qd5 18. h4 Rfe8 19. Bb2 Bf5 20. Qc1 Ne4
21. Nxe4 Rxe4 22. f3 Re2 23. Qc3 f6 24. Rad1 Qe5 25. Qxe5 fxe5 26. Ba1 Re3 27.
Rfe1 Rxe1+ 28. Rxe1 e4 29. g4 Be6 30. Rxe4 Bxb3 31. Re7 Bf7 32. Rxc7 b5 33. Rb7
a6 34. Kf2 Kf8 35. Kg3 Rc8 36. Be5 g6 37. Rb6 Ra8 38. Rb7 Re8 39. Bd4 Rc8 40.
Be5 Rc6 41. Bd4 Ke8 42. Be5 Re6 43. Bd4 Re7 44. Rb6 Rd7 45. Bc5 Rd5 46. Bb4 Rd4
47. Bc5 Rc4 48. Bd6 Kd7 49. Rxa6 b4 50. Rb6 b3 51. Be5 Rc5 52. Bf6 Bc4 53. Bb2
Bb5 54. Ba3 Rd5 55. Rb7+ Kc6 56. Rxh7 Rd2 57. Rh6 Bd3 58. h5 Ra2 59. hxg6 Bxg6
60. Rxg6+ Kb5 61. Be7 b2 62. Bd8 Ra6 63. Rg7 Rb6 64. Bxb6 Kxb6 65. Rg6+ Kc5 66.
Rg5+ Kc4 67. Rg8 b1=Q 68. Rc8+ Kd5 69. Rd8+ Ke6 70. Re8+ Kf7 71. Re4 Qg1+ 72.
Kf4 Kf6 73. Re8 Qh2+ 74. Ke3 Qh6+ 75. Kf2 Qd2+ 76. Kg3 Qd6+ 77. Kf2 Qd5 78.
Rf8+ Kg6 79. Rf5 Qd4+ 80. Kg2 Qd2+ 81. Kg3 Qe1+ 82. Kg2 Qe2+ 83. Kg3 Qf1 84.
Kf4 Qg2 85. Ke3 Qg3 86. Ke2 Qg2+ 87. Ke3 1/2-1/2

[Event "Mundial Juvenil femenino 2005 s14"]
[Site "Belfort FRA"]
[Date "2005.07.22"]
[Round "4.7"]
[White "Pon, N. Krithika"]
[Black "Vojinovic, Jovana"]
[Result "0-1"]
[WhiteElo "2007"]
[BlackElo "1952"]
[PlyCount "126"]
[EventDate "2005.07.19"]
[EventType "swiss"]
[EventRounds "11"]
[EventCountry "FRA"]
[Source "lmi"]
[SourceDate "2005.07.31"]

1. e4 e6 2. d4 d5 3. Nc3 dxe4 4. Nxe4 Nd7 5. Nf3 Ngf6 6. Nxf6+ Nxf6 7. Bd3 Be7
8. Qe2 O-O 9. Bg5 c5 10. O-O-O cxd4 11. Kb1 Qb6 12. Nxd4 Nd5 13. Qd2 Bb4 14.
Qe2 Nc3+ 15. bxc3 Be7+ 16. Nb3 Bxg5 17. f4 Bf6 18. Qe4 g6 19. Qb4 Qc7 20. Qc4
Qxc4 21. Bxc4 b6 22. Rhe1 Bb7 23. g3 Rfc8 24. Bd3 Bxc3 25. Re3 Rd8 26. Rf1 Rac8
27. g4 a5 28. a4 Bg2 29. Rf2 Bd5 30. Ba6 Rc7 31. Rd3 Ra8 32. Bb5 Bg7 33. Nd2
Rc3 34. f5 Rac8 35. f6 Bh6 36. Rxc3 Rxc3 37. Kb2 Be3 38. Re2 Bd4 39. Ne4 Bxe4
40. Rxe4 Bxf6 41. Kb1 Kg7 42. Re1 Rh3 43. Re2 Bg5 44. Kb2 Bf4 45. Rf2 Be5+ 46.
Kc1 Rxh2 47. Rxh2 Bxh2 48. Kd2 f5 49. Be2 Kf6 50. Ke3 Kg5 51. gxf5 gxf5 52. Bc4
e5 53. Kf3 Bg1 54. Kg2 Bc5 55. Kf3 h5 56. Bf1 h4 57. Bh3 e4+ 58. Ke2 Kf4 59. c3
Ke5 60. c4 f4 61. Bg2 f3+ 62. Bxf3 exf3+ 63. Kxf3 Be7 0-1

[Event "Mundial Juvenil femenino 2005 s14"]
[Site "Belfort FRA"]
[Date "2005.07.22"]
[Round "4.9"]
[White "Smith, Hazel"]
[Black "Vince, Viola"]
[Result "1-0"]
[WhiteElo "2023"]
[BlackElo "1816"]
[PlyCount "107"]
[EventDate "2005.07.19"]
[EventType "swiss"]
[EventRounds "11"]
[EventCountry "FRA"]
[Source "lmi"]
[SourceDate "2005.07.31"]

1. e4 c5 2. Nf3 e6 3. c3 Nc6 4. d4 d5 5. e5 Qb6 6. Be2 cxd4 7. cxd4 Nh6 8. Nc3
Nf5 9. Na4 Qa5+ 10. Bd2 Bb4 11. Bc3 Bxc3+ 12. Nxc3 Qb6 13. Bb5 Bd7 14. Bxc6
Bxc6 15. Qd2 Rc8 16. O-O O-O 17. Rac1 Rc7 18. Rc2 Rfc8 19. Rfc1 h6 20. b3 Qa5
21. Ne2 Qxd2 22. Nxd2 Kf8 23. b4 a6 24. a4 b5 25. axb5 Bxb5 26. Rxc7 Rxc7 27.
Rxc7 Bxe2 28. Nb3 Bc4 29. Na5 Bb5 30. Nc6 Ke8 31. g3 h5 32. h3 Be2 33. Kg2 g6
34. f3 Bd3 35. Kf2 g5 36. g4 hxg4 37. hxg4 Nh4 38. Re7+ Kf8 39. Ra7 Ng6 40. Nb8
Ne7 41. Nd7+ Kg7 42. Nc5 Nc6 43. Nxe6+ Kg6 44. Rc7 Nxb4 45. Nd8 Bb5 46. Rxf7
Nc2 47. Rf6+ Kg7 48. Ne6+ Kg8 49. Rf8+ Kh7 50. Nxg5+ Kg7 51. Ne6+ Kg6 52. f4 a5
53. f5+ Kh6 54. Rh8# 1-0

[Event "Mundial Juvenil femenino 2005 s14"]
[Site "Belfort FRA"]
[Date "2005.07.22"]
[Round "4.10"]
[White "Kharisma, Irine"]
[Black "Armas, Lara-Maria"]
[Result "1-0"]
[WhiteElo "2010"]
[BlackElo "1599"]
[PlyCount "51"]
[EventDate "2005.07.19"]
[EventType "swiss"]
[EventRounds "11"]
[EventCountry "FRA"]
[Source "lmi"]
[SourceDate "2005.07.31"]

1. e4 c5 2. Nf3 e6 3. d4 cxd4 4. Nxd4 Nf6 5. Nc3 d6 6. Be2 Be7 7. O-O O-O 8.
Be3 a6 9. a4 Nbd7 10. f4 Qc7 11. Nb3 h6 12. Kh1 Rd8 13. Qe1 Nc5 14. Bf3 Bd7 15.
Qg3 Kh8 16. Nxc5 dxc5 17. e5 Nh7 18. Be4 Bc6 19. f5 Ng5 20. f6 Bxf6 21. Bxc6
Bxe5 22. Qh4 Bf6 23. Rxf6 gxf6 24. Bxg5 fxg5 25. Qxh6+ Kg8 26. Ne4 1-0

[Event "Mundial Juvenil femenino 2005 s14"]
[Site "Belfort FRA"]
[Date "2005.07.22"]
[Round "4.11"]
[White "Dudas, Eszter"]
[Black "Drobrenski, Jessika"]
[Result "0-1"]
[WhiteElo "2000"]
[BlackElo "1599"]
[PlyCount "140"]
[EventDate "2005.07.19"]
[EventType "swiss"]
[EventRounds "11"]
[EventCountry "FRA"]
[Source "lmi"]
[SourceDate "2005.07.31"]

1. e4 e5 2. Nf3 Nc6 3. Bb5 a6 4. Ba4 Nf6 5. O-O Be7 6. Re1 b5 7. Bb3 d6 8. c3
O-O 9. h3 Na5 10. Bc2 c5 11. d4 exd4 12. cxd4 Bb7 13. Nbd2 Nc6 14. Nf1 Re8 15.
d5 Nb8 16. Ng3 Bf8 17. Nh2 Nbd7 18. f4 g6 19. Nf3 Bg7 20. Be3 Nb6 21. Nd2 Rc8
22. Qf3 Nfd7 23. Rab1 c4 24. Qf2 Bxb2 25. Nf3 Bc3 26. Rec1 Nc5 27. f5 Bf6 28.
Nd4 Nbd7 29. Rf1 Ba8 30. fxg6 fxg6 31. Bf4 Be5 32. Bxe5 Nxe5 33. Qe3 Qe7 34.
Qh6 Qg7 35. Qe3 Ned7 36. Rf3 Ne5 37. Rf4 Rf8 38. Rbf1 Rxf4 39. Rxf4 Rf8 40.
Rxf8+ Qxf8 41. Qg5 h6 42. Qe3 Kh7 43. h4 Qe7 44. h5 Qg5 45. hxg6+ Kxg6 46. Qf2
Qc1+ 47. Nf1 Qg5 48. Nf5 Qf6 49. Qg3+ Kf7 50. Qf2 Ke8 51. N1g3 Ng4 52. Qf3 Ne5
53. Qf4 Kd7 54. Qe3 Ng4 55. Qf4 h5 56. Bd1 Nd3 57. Nxh5 Nxf4 58. Nxf6+ Nxf6 59.
g3 Nd3 60. Bf3 c3 61. Nd4 Nb4 62. a3 c2 63. Nxc2 Nxc2 64. g4 Nd4 65. Kf2 Nxf3
66. Kxf3 Ke7 67. g5 Nd7 68. Kf4 Ne5 69. Kf5 Kf7 70. Kf4 Kg6 0-1

[Event "Mundial Juvenil femenino 2005 s14"]
[Site "Belfort FRA"]
[Date "2005.07.22"]
[Round "4.12"]
[White "Bakalarz, Janet"]
[Black "Anusca, Madalina-Maria"]
[Result "0-1"]
[WhiteElo "1599"]
[BlackElo "1999"]
[PlyCount "64"]
[EventDate "2005.07.19"]
[EventType "swiss"]
[EventRounds "11"]
[EventCountry "FRA"]
[Source "lmi"]
[SourceDate "2005.07.31"]

1. e4 c5 2. Nf3 d6 3. d4 cxd4 4. Nxd4 Nf6 5. Nc3 a6 6. f3 e6 7. Be3 b5 8. Qd2
Bb7 9. O-O-O Qc7 10. g4 Nc6 11. g5 Nd7 12. f4 Nc5 13. f5 b4 14. Nb1 Nxe4 15.
Qd3 Ne5 16. Qe2 Nc3 17. Nxc3 Bxh1 18. Na4 exf5 19. Nxf5 Bf3 20. Qe1 Bxd1 21.
Kxd1 g6 22. Nd4 Bg7 23. Bg2 Rc8 24. Qxb4 O-O 25. Qd2 Nc4 26. Qd3 Nxe3+ 27. Qxe3
Bxd4 28. Qxd4 Qxc2+ 29. Ke1 Rfe8+ 30. Kf1 Qe2+ 31. Kg1 Rc1+ 32. Bf1 Rxf1# 0-1

[Event "Mundial Juvenil femenino 2005 s14"]
[Site "Belfort FRA"]
[Date "2005.07.22"]
[Round "4.13"]
[White "Iordanidou, Zoi"]
[Black "Laurusaite, Brigita"]
[Result "1-0"]
[WhiteElo "1992"]
[BlackElo "1599"]
[PlyCount "49"]
[EventDate "2005.07.19"]
[EventType "swiss"]
[EventRounds "11"]
[EventCountry "FRA"]
[Source "lmi"]
[SourceDate "2005.07.31"]

1. e4 c5 2. Nf3 d6 3. d4 cxd4 4. Nxd4 Nf6 5. Nc3 g6 6. Be2 Bg7 7. O-O O-O 8.
Bg5 Re8 9. Qd2 Nc6 10. Nb3 Ne5 11. f4 Neg4 12. Bf3 Qb6+ 13. Kh1 Ne3 14. Rfe1
Nc4 15. Qe2 Na5 16. e5 Nxb3 17. axb3 dxe5 18. fxe5 Nd7 19. Nd5 Qd8 20. e6 Nf6
21. Rad1 Nxd5 22. exf7+ Kxf7 23. Bxd5+ Kf8 24. Rf1+ Bf5 25. Qe6 1-0

[Event "Mundial Juvenil femenino 2005 s14"]
[Site "Belfort FRA"]
[Date "2005.07.22"]
[Round "4.14"]
[White "Aleksanian, Haykuhi"]
[Black "Genzling, Sylvie"]
[Result "0-1"]
[WhiteElo "1599"]
[BlackElo "1968"]
[PlyCount "42"]
[EventDate "2005.07.19"]
[EventType "swiss"]
[EventRounds "11"]
[EventCountry "FRA"]
[Source "lmi"]
[SourceDate "2005.07.31"]

1. e4 e6 2. d4 d5 3. Nc3 Nf6 4. e5 Nfd7 5. Nf3 c5 6. g3 cxd4 7. Nb5 Nc6 8.
Nbxd4 Ndxe5 9. Nxe5 Nxe5 10. Bb5+ Bd7 11. Qe2 Nc6 12. Nxc6 bxc6 13. Bd3 Be7 14.
O-O O-O 15. Be3 e5 16. c4 f5 17. cxd5 cxd5 18. Bd2 Bf6 19. Rab1 Rb8 20. a3 e4
21. Bc2 Bb5 0-1